G Movie Game Quiz Stats

 Plays Quiz not verified by Sporcle

Also try: F Movie Game
Challenge
Share
Tweet
Score 0/30 Timer 07:00
0 Plays Today
Actor Movie % Correct
Russell CroweGladiator
93.5%
Demi MooreGhost
93.3%
John TravoltaGrease
87.9%
Ben KingsleyGandhi
87.1%
Vivien LeighGone With the Wind
86%
Ray LiottaGoodfellas
81.9%
Dan AykroydGhostbusters
81.4%
Clint EastwoodGran Torino
74.4%
Sean ConneryGoldfinger
73%
Robin WilliamsGood Morning, Vietnam
71.2%
Jennifer LopezGigli
67.7%
Leonardo DiCaprioGangs of New York
65.5%
Andie MacDowellGroundhog Day
63.6%
Sidney PoitierGuess Who's Coming to Dinner
59.8%
Nicolas CageGone in Sixty Seconds
58.8%
Actor Movie % Correct
Jack LemmonGrumpy Old Men
58.5%
James DeanGiant
57.7%
Marilyn MonroeGentlemen Prefer Blondes
56.3%
Sean BeanGoldeneye
52%
Matthew BroderickGlory
50.4%
Leslie CaronGigi
47.2%
Brendan FraserGeorge of the Jungle
45.6%
Phoebe CatesGremlins
39.1%
Marlon BrandoGuys and Dolls
38.8%
Tim AllenGalaxy Quest
32.6%
Maggie SmithGosford Park
32.6%
Halle BerryGothika
30.2%
Natalie PortmanGarden State
27.2%
Mel GibsonGallipoli
20.8%
Jennifer Love HewittGarfield
9.2%

You're not logged in!

Compare scores with friends on all Sporcle quizzes.
OR
Log In

You Might Also Like...

Show Comments

Extras

Curator's Pick Jun 15, 2015ReportNominate
Tags:Actor Quiz, Actress Quiz, Movie Titles Quiz, 2014

Top Quizzes Today


Score Distribution

Your Account Isn't Verified!

In order to create a playlist on Sporcle, you need to verify the email address you used during registration. Go to your Sporcle Settings to finish the process.

Report this User

Report this user for behavior that violates our Community Guidelines.

Details: